Statistiques concernant Type de voiture

Cliquez ici pour prendre le quiz!

Statistiques générales

  • Ce quiz a été pris 89 fois
  • Le résultat moyen est 12 sur 28

Statistiques - réponses

marquetype% Correct
RenaultClio
87%
Fiat500
76%
RenaultMegane
76%
AudiA3
67%
CitroënC3
63%
Peugeot208
62%
Peugeot3008
62%
AudiA5
62%
AudiA1
58%
Peugeot206
53%
RenaultScenic
53%
Peugeot2008
52%
RenaultTwingo
48%
Peugeot5008
46%
AudiQ7
42%
ToyotaYarris
38%
RenaultKangoo
37%
FiatPanda
37%
BMWSérie 1
34%
BMWSérie 7
34%
FiatPunto
33%
FordMustang
24%
AudiRs4
23%
CitroënPicasso
22%
RenaultLaguna
19%
RenaultTalisman
16%
RenaultPartner
10%
FordPuma
9%

Distribution des résultats

Percentile par nombre de réponses

% des personnes avec chaque résultat

Votre développement - résultats

Vous n’avez pas pris ce quiz